Central Library OPAC University of Rajshahi

Note on Economics of Restriction / (Record no. 36259)

MARC details
000 -LEADER
fixed length control field 00807nam a2200229 a 4500
001 - CONTROL NUMBER
control field 36259
003 - CONTROL NUMBER IDENTIFIER
rucl marc code BD-RjUL
005 - DATE AND TIME OF LATEST TRANSACTION
control field 20211209052448.0
008 - FIXED-LENGTH DATA ELEMENTS--GENERAL INFORMATION
fixed length control field 190212s1939 ii a b 00100 eng d
035 ## - SYSTEM CONTROL NUMBER
System control number (BD-RjUL)36356
040 ## - CATALOGING SOURCE
Language of cataloging eng
Transcribing agency ANL
Original cataloging agency ANL
Modifying agency SL
-- BD-RjUL
041 ## - LANGUAGE CODE
Language code of text/sound track or separate title eng
082 04 - DEWEY DECIMAL CLASSIFICATION NUMBER
Classification number 338.884
Author mark and year FEN 1939
110 1# - MAIN ENTRY--CORPORATE NAME
Corporate name or jurisdiction name as entry element Federation Of Indian Chambers Of Commerce and Industry.
9 (RLIN) 228093
245 10 - TITLE STATEMENT
Title Note on Economics of Restriction /
Statement of responsibility, etc. Federation Of Indian Chambers Of Commerce and Industry.
260 ## - PUBLICATION, DISTRIBUTION, ETC. (IMPRINT)
Place of publication, distribution, etc. New Delhi:
Name of publisher, distributor, etc. The Federation,
Date of publication, distribution, etc. [1939]
300 ## - PHYSICAL DESCRIPTION
Pagination [6], 21 p. :
Illustrations Ill. ;
Size 24 cm.
490 ## - SERIES STATEMENT
Series statement Federation Research Department Publication ;
Volume/sequential designation no. 1
650 ## - SUBJECT ADDED ENTRY--TOPICAL TERM
Topical term or geographic name as entry element Economics
General subdivision Restriction
9 (RLIN) 228094
830 ## - SERIES ADDED ENTRY--UNIFORM TITLE
Uniform title Federation Research Department Publication ;
Volume number/sequential designation no. 1
942 ## - ADDED ENTRY ELEMENTS (KOHA)
Source of classification or shelving scheme Dewey Decimal Classification
Koha item type Rare Books
Holdings
Lost status Source of classification or shelving scheme Damaged status Not for loan Collection code Permanent Location Current Location Shelving location Date acquired Total Checkouts Full call number Date last seen Copy number Koha item type
  Dewey Decimal Classification   Not For Loan Rare Books Central Library, University of Rajshahi Central Library, University of Rajshahi Rare Book Section 12/02/2019   RA 338.884 FEN 1939 12/02/2019 C-1 Rare Books